MARC details
| 000 -LEADER |
| fixed length control field |
01011nam a2200241 a 4500 |
| 008 - FIXED-LENGTH DATA ELEMENTS--GENERAL INFORMATION |
| fixed length control field |
081110s1995 ||||||||||||||||| || u |
| 050 ## - LIBRARY OF CONGRESS CALL NUMBER |
| Classification number |
IBRD(08) |
| 100 ## - MAIN ENTRY--PERSONAL NAME |
| Personal name |
Heneveld, Ward |
| 245 10 - TITLE STATEMENT |
| Title |
Girls and schools in Sub-Saharan Africa : from analysis to action |
| Statement of responsibility, etc. |
Adhiambo Odaga; Ward Heneveld |
| 260 ## - PUBLICATION, DISTRIBUTION, ETC. |
| Place of publication, distribution, etc. |
Washington, D. C. |
| Name of publisher, distributor, etc. |
World Bank |
| Date of publication, distribution, etc. |
1995 |
| 300 ## - PHYSICAL DESCRIPTION |
| Extent |
xi, 112p. :ill. |
| 350 ## - PRICE (NR) (BK AM CF MU VM SE) [OBSOLETE] |
| Price |
0.00 |
| 490 ## - SERIES STATEMENT |
| Series statement |
World Bank Technical Papers |
| 650 ## - SUBJECT ADDED ENTRY--TOPICAL TERM |
| Topical term or geographic name entry element |
WOMEN--EDUCATION--SOCIAL ASPECTS--AFRICA, SUB-SAHARAN |
| 650 #0 - SUBJECT ADDED ENTRY--TOPICAL TERM |
| Topical term or geographic name entry element |
EDUCATIONAL TESTS AND MEASUREMENTS |
| 650 ## - SUBJECT ADDED ENTRY--TOPICAL TERM |
| Topical term or geographic name entry element |
WOMEN--EDUCATION--AFRICA, SUB-SAHARAN |
| 650 ## - SUBJECT ADDED ENTRY--TOPICAL TERM |
| Topical term or geographic name entry element |
POLITICS AND EDUCATION--AFRICA, SUB-SAHARAN |
| 650 ## - SUBJECT ADDED ENTRY--TOPICAL TERM |
| Topical term or geographic name entry element |
SCHOOL ENVIRONMENT--AFRICA, SUB-SAHARAN |
| 650 ## - SUBJECT ADDED ENTRY--TOPICAL TERM |
| Topical term or geographic name entry element |
GIRLS--AFRICA, SUB-SAHARAN--SOCIAL CONDITIONS |
| 700 ## - ADDED ENTRY--PERSONAL NAME |
| Personal name |
Odaga, Adhimbo |
| 710 ## - ADDED ENTRY--CORPORATE NAME |
| Corporate name or jurisdiction name as entry element |
World Bank |
| 995 ## - RECOMMENDATION 995 [LOCAL, UNIMARC FRANCE] |
| -- |
0.00 |
| -- |
CBU-MAIN LIBRARY (Kitwe) |
| -- |
1 |
| -- |
0.00 |
| -- |
1 |
| -- |
AVAILABLE |
| -- |
Nov 10, 2008 |
| -- |
International Publications |